Visually Word 2002 nhanh& hiệu quả

Kaydedildi:
Detaylı Bibliyografya
Yazar: Dian Koers Ph.d
Materyal Türü: Kitap
Dil:Vietnamese
Baskı/Yayın Bilgisi: Sunshine 2002
Etiketler: Etiketle
Etiket eklenmemiş, İlk siz ekleyin!
Thư viện lưu trữ: Mạng thư viện Đại học Đà Nẵng
LEADER 00624nam a2200277 4500
001 000025502
003 1077
005 20150325120000.0
008 150325s vm 000 vie
020 |c 38000,0000 
040 |a D2 
100 |a Dian Koers Ph.d 
245 |a Visually Word 2002 nhanh& hiệu quả 
260 |b Sunshine  |c 2002 
300 |a 377tr. ; 
OWN |a LTT 
999 |a From the UDN01 
TYP |a Monograph 
TYP |a Printed language 
980 |a Mạng thư viện Đại học Đà Nẵng